LEADER 00990nam a2200265 i 4500 001 000000153778 003 CaOOAMICUS 005 20061003000000.0 008 061003s1949 it u000 u ita u 013 $a131121 040 $aSeMil$bita 100 1 $aSweig, Stefan.$0(OLS)http://semarc/name/60185 245 10$aBrasile :$bterra dell'avvenire /$cStefan Sweig ; versione di Mario Merlini. 250 $a1. ed. 260 $aMilano :$bSperling & Kupfer,$c1949. 300 $a295 p., [1] c. di tav. ;$c22 cm. 500 $aFondo Ciprandi. 650 4$aBrasile.$0(OLS)http://semarc/subject/8068 700 1 $aMerlini, Mario.$0(OLS)http://semarc/name/35383 850 $aSeMil 852 $aSeMil$W1$xVenegono$y1$m1W V 259$j105667$B105667$CSeMilBibl$Z2$F114863 $81 941 1 $a1 961 $aOmaggio: Ciprandi dott. Paolo 996 $6245$aBrasile :$bterra dell'avvenire$9(OLS)http://semarc/title/224983 996 $6260$aMilano :$bSperling & Kupfer$9(OLS)http://semarc/publisher/31721 LEADER 02269nam a2200277 i 4500 001 000000342787 003 CaOOAMICUS 005 20201102120317.0 008 201102s2020 it u000 u ita u 013 $a236950 020 $a978-88-498-6292-8 040 $aSeMil$bita 100 1 $aMacchione, Antonio,$d<1975- >.$0(OLS)http://semarc/name/112378 245 10$aDalla dominazione bizantina allo Stato normanno : $bassetti religiosi, strutture economiche e sociali /$cAntonio Macchione. 264 1$aSoveria Mannelli :$bRubbettino,$c2020. 300 $a269 p. ;$c22 cm 520 2 $aIl passaggio dalla dominazione bizantina allo Stato normanno, alla luce della nuova stagione storiografica e delle crescenti acquisizioni documentarie, apre nuovi scenari di ricerca che consentono di focalizzare meglio l'attenzione sulle istituzioni monastiche italo-greche e su quelle latine, sull'organizzazione degli assetti carismatici e sulla complessità dei rapporti politici, sulla vitalità delle componenti etniche e della società nel Mezzogiorno medievale. Stigmatizzandone, allo stesso tempo, il mutamento sociale e culturale dei secoli X-XIII e il complesso tema dell'integrazione tra le diverse popolazioni dell'Italia meridionale che hanno concorso alla formazione di una società plurale. Solo la conquista normanna, infatti, assicurò loro unità politica e consentì la sperimentazione di nuovi assetti amministrativi e lo sviluppo della signoria fondiaria che si rivelò essere il principale strumento per l'organizzazione delle campagne e motore del processo economico. 650 4$aNormanni - Storia - Medioevo.$0(OLS)http://semarc/subject/44696 650 4$aMedioevo - Storia - Sec. 10.-13.$0(OLS)http://semarc/subject/49574 830 0$aRubbettino. Università.$0(OLS)http://semarc/title/10678 850 $aSeMil 852 $aSeMil$W1$xVenegono$y1$m3T III 89$j222084$B233670$CSeMilBibl$Z2$F233670 $81 996 $6020$a978-88-498-6292-8$9(OLS)http://semarc/number/291548 996 $6245$aDalla dominazione bizantina allo Stato normanno : $bassetti religiosi, strutture economiche e sociali$9(OLS)http://semarc/title/431665 996 $6264$aSoveria Mannelli :$bRubbettino$9(OLS)http://semarc/publisher/32145